Statistiche per Nazioni dell'Africa con mappa

Clicka qui per fare il quiz!

Statistiche generali

  • Questo quiz è stato fatto 5.670 volte
  • Il punteggio medio è 45 su 54

Risposte nella Mappa

Le risposte nella mappa del quiz sottostante sono codificate secondo una scala di colori dal rosso al verde in base alla % di persone che hanno risposto correttamente.
 

Statistiche sulle risposte

Paese% Corretto
Marocco
99%
Algeria
98%
Egitto
98%
Sudafrica
98%
Libia
97%
Madagascar
97%
Tunisia
97%
Repubblica del Congo
96%
Repubblica Democratica del Congo
96%
Niger
94%
Etiopia
92%
Nigeria
92%
Somalia
92%
Sudan
92%
Eritrea
90%
Senegal
89%
Sudan del Sud
89%
Kenya
88%
Angola
86%
Ciad
86%
Mali
86%
Guinea
85%
Zimbabwe
85%
Costa d'Avorio
84%
Ghana
84%
Tanzania
84%
Zambia
84%
Mauritania
83%
Camerun
82%
Capo Verde
82%
Lesotho
82%
Botswana
81%
Burundi
81%
Mozambico
81%
Namibia
81%
Repubblica Centrafricana
81%
Togo
81%
Uganda
80%
Burkina Faso
79%
Liberia
78%
Guinea Equatoriale
77%
Ruanda
77%
Seychelles
77%
eSwatini
76%
Guinea-Bissau
76%
Sierra Leone
76%
Gambia
75%
Malawi
75%
Mauritius
75%
Benin
74%
Gibuti
74%
Gabon
73%
Sao Tome e Principe
65%
Comore
61%

Distribuzione punteggi

Percentile per numero di risposta

Percentuale di utenti per punteggio

I tuoi punteggi nel tempo

Non hai fatto questo quiz